Debajo del silencio / (Record no. 77366)

MARC details
000 -LEADER
campo de control de longitud fija 00450nam a2200157 i 4500
001 - NÚMERO DE CONTROL
campo de control 77366
003 - IDENTIFICADOR DE NÚMERO DE CONTROL
campo de control ES-MaACL
005 - FECHA Y HORA DE LA ÚLTIMA TRANSACCIÓN
campo de control 20230906173159.0
007 - CAMPO FIJO DE DESCRIPCIÓN FÍSICA--INFORMACIÓN GENERAL
campo de control de longitud fija t|
008 - DATOS DE LONGITUD FIJA--INFORMACIÓN GENERAL
campo de control de longitud fija 041008s1966 sp ||||1| spa d
100 1# - ENTRADA PRINCIPAL--NOMBRE DE PERSONA
Nombre de persona Gutiérrez Padial, Juan.
9 (RLIN) 61201
245 10 - MENCIÓN DEL TÍTULO
Título Debajo del silencio /
Mención de responsabilidad, etc. Juan Gutiérrez Padial.
260 ## - PUBLICACIÓN, DISTRIBUCIÓN, ETC.
Lugar de publicación, distribución, etc. Granada :
Nombre del editor, distribuidor, etc. [s.n.,
Fecha de publicación, distribución, etc. 1966] (
Fabricante Imp. Sagrado Corazón)
300 ## - DESCRIPCIÓN FÍSICA
Extensión 110 p. ;
Dimensiones 22 cm.
852 ## - LOCALIZACIÓN
Ubicación ES-MaACL
Número de control de estantería C-29256
Sublocalización o colección R.59796
Holdings
Estatus retirado Estado de pérdida Estado de daño No para préstamo Biblioteca de origen Biblioteca actual Ubicación en estantería Fecha de adquisición Fuente de adquisición Total de préstamos Signatura topográfica completa Código de barras Visto por última vez Precio de reemplazo Tipo de ítem Koha
        Biblioteca del Ateneo de Madrid Biblioteca del Ateneo de Madrid Depósito 2 17/01/2008     C-29256 1080947 23/02/2023 23/02/2023 Libro impreso